[Event "Russian Championship (Rapid, Men)"]
[Site "Sochi"]
[Date "2018.10.06"]
[Round "11.36"]
[White "Hasangatin, Ramil"]
[Black "Dilmukhametov, Artur"]
[Result "0-1"]
[BlackElo "2332"]
[WhiteElo "2451"]
[LiveChessVersion "1.4.8"]

1. e4 {[%clk 0:15:18]} e6 {[%clk 0:15:19]} 2. d3 {[%clk 0:15:26]} d5
{[%clk 0:15:26]} 3. Qe2 {[%clk 0:15:35]} dxe4 {[%clk 0:15:28]} 4. dxe4
{[%clk 0:15:44]} e5 {[%clk 0:15:36]} 5. Nf3 {[%clk 0:15:53]} Nc6 {[%clk 0:15:37]}
6. c3 {[%clk 0:16:02]} a5 {[%clk 0:15:22]} 7. Qc2 {[%clk 0:16:09]} Bc5
{[%clk 0:14:55]} 8. Bb5 {[%clk 0:16:10]} Qe7 {[%clk 0:14:54]} 9. Nbd2
{[%clk 0:15:39]} Bxf2+ {[%clk 0:14:33]} 10. Ke2 {[%clk 0:14:24]} Bb6
{[%clk 0:14:18]} 11. Nc4 {[%clk 0:14:18]} Qc5 {[%clk 0:12:15]} 12. a4
{[%clk 0:13:13]} Qf2+ {[%clk 0:06:47]} 13. Kd1 {[%clk 0:13:02]} f6
{[%clk 0:06:35]} 14. Nxb6 {[%clk 0:08:36]} Qxb6 {[%clk 0:06:39]} 15. Ke2
{[%clk 0:07:54]} Qc5 {[%clk 0:06:12]} 16. Be3 {[%clk 0:07:57]} Qe7
{[%clk 0:06:07]} 17. Rhd1 {[%clk 0:06:45]} Qf7 {[%clk 0:05:42]} 18. b4
{[%clk 0:03:46]} Be6 {[%clk 0:05:25]} 19. Rd2 {[%clk 0:02:54]} Nge7
{[%clk 0:05:07]} 20. bxa5 {[%clk 0:02:51]} O-O {[%clk 0:04:40]} 21. a6
{[%clk 0:01:29]} bxa6 {[%clk 0:04:41]} 22. Bxc6 {[%clk 0:01:24]} Nxc6
{[%clk 0:04:49]} 23. Kf2 {[%clk 0:01:33]} Na5 {[%clk 0:04:52]} 24. Rb1
{[%clk 0:01:16]} Nc4 {[%clk 0:04:57]} 0-1